| 000 | 00782cam a2200217 i 4500 | ||
|---|---|---|---|
| 999 |
_c12381 _d12381 |
||
| 003 | OSt | ||
| 005 | 20240116144647.0 | ||
| 008 | 150804s2016 nyu b 001 0 eng | ||
| 020 | _a9781138843158 (hardback : alk. paper) | ||
| 020 | _a9781138843165 (pbk. : alk. paper) | ||
| 082 | 0 | 0 |
_a720.47 _223 _bYIA |
| 100 | 1 |
_aYiannoudes, Socrates, _eauthor. |
|
| 245 | 1 | 0 |
_aArchitecture and adaptation : _bfrom cybernetics to tangible computing / _cSocrates Yiannoudes. |
| 300 |
_axiii, 231 pages ; _c25 cm |
||
| 504 | _aIncludes bibliographical references (pages 205-224) and index. | ||
| 650 | 0 |
_aArchitecture _xHuman factors. |
|
| 650 | 0 | _aArchitecture and technology. | |
| 650 | 0 | _aSmart materials in architecture. | |
| 650 | 0 |
_aArchitecture _xTechnological innovations. |
|
| 942 | _2ddc | ||